Statistics for Brandon Rogers Quiz Pt. 1

Click here to take the quiz!

General Stats

  • This quiz has been taken 262 times
  • The average score is 14 of 30

Answer Stats

HintAnswer% Correct
Hall MonitorHelen Brownstein
83%
He makes inspirational videos for young disabledsSam
82%
Sam's RoomateDonna
79%
Astrological LesbianDarlene Cornrubeun
72%
Angry Office gay main characterDorian Ditsen
72%
He Hates His JobElmer
72%
1st Spanish Kid (Brandon Rogers)Sebastian
72%
CEOBryce Tankthrust
70%
Mom's SonTimmy
64%
2nd Spanish Kid (Gabriel Gonzalez)Ignacio
59%
MomKathy
54%
Angry Office pedophile receptionistJimmy Rustler
47%
CEO AssistantDonovan
46%
Angry Office bossCraig Dildon
44%
Family about to dieNuclear Family
44%
Her WifeKathleen Cornrebeun
43%
Mom's DaughterSamantha
42%
Angry Office Christmas Party Dorian's assistantDiesel
41%
Swim Coach From HellBall Brownstein
40%
Two Spanish kids getting into trouble without supervisionNo Parents!
37%
Million Subscriber SpecialA Day at the Park
35%
Angry Office disabled trump supporterJames Shaft
30%
Angry Office Christmas Party CEORegina Brothenstinkle
29%
Lord and Lady Mingeworthy living life as British peopleNormal British People
27%
Angry Office Christmas Party CEO's assistantKevin
25%
Angry Office Indian LadyVishalam Rangan
25%
Angry Office drunk employeeErnie
21%
Curly haired lady with the constant humping dogMary Potter
18%
Darlene's Sperm DonorBilly
16%
Lady who likes to "do it" as much as possible with as many as possibleRoxy
15%

Score Distribution

Percentile by Number Answered

Percent of People with Each Score

Your Score History

You have not taken this quiz